Fundamentals of general chemistry /
Guardado en:
| Autor Principal: | |
|---|---|
| Formato: | Libro |
| Idioma: | Spanish |
| Publicado: |
New York :
Prentice-Hall,
1955.
|
| Etiquetas: |
Agregar Etiqueta
Sin Etiquetas, Sea el primero en etiquetar este registro!
|
| LEADER | 00445nam a22001455a 4500 | ||
|---|---|---|---|
| 001 | EUN.um027888 | ||
| 003 | AR-BaUNS | ||
| 005 | 20050623122904.0 | ||
| 008 | 041125s1955####xxua##########000#0#spa#d | ||
| 245 | 1 | 0 | |a Fundamentals of general chemistry / |c Clarence H. Sorum. |
| 260 | |a New York : |b Prentice-Hall, |c 1955. | ||
| 300 | |a 588 p. : |b ilus. ; |c 25 cm. | ||
| 100 | 1 | |a Sorum, Clarence H. | |
| 082 | 0 | 4 | |a 540 |
| 859 | |a Ar-BaUNS |b BIB. CENTRAL - Sector C |h 540 |i So69 |p 92703/986 | ||
